000 00756ntaaa2200253 4500
003 01
005 20251027200609.0
008 0714s1973 ag 01
040 _aAR-BaBN
_bspa
_cAR-BaBN
_eaacr
_dRIC
082 _a492.43 D54d
245 _aDiccionario de hebreo y arameo biblicos /
_cGeorg Fohrer, Hans, Friedrich Huber
250 _a1 ed.
260 _aBuenos Aires :
_bLa Aurora,
_c1982
300 _ax, 345 p ;
_c23 cm
500 _aEdicion en castellano producida en la colaboracion con el ISEDET
650 _aLengua Hebrea
650 _aHebreo-Diccionario
700 _aFohrer, Georg
_91781
700 _aHans
_91782
700 _aHuber, Friedrich
_91783
700 _aVollmer, Jochen
_91784
700 _aWanke, Gunther
_91785
942 _cBK
999 _c669
_d669